"Wir glauben an die Auferstehung der Toten": welche Bedeutung hat dieser Glaubensinhalt?

Saved in:  
Bibliographic Details
Main Author: Werner, Gunda 1971- (Author)
Format: Print Article
Language:German
Check availability: HBZ Gateway
Interlibrary Loan:Interlibrary Loan for the Fachinformationsdienste (Specialized Information Services in Germany)
Published: 2017
In: Geist.voll
Year: 2017, Issue: 1, Pages: 4-8
Online Access: Volltext (kostenfrei)
Volltext (kostenfrei)
Rights Information:InC 1.0

MARC

LEADER 00000caa a22000002c 4500
001 1906196648
003 DE-627
005 20260211181908.0
007 tu
008 241018s2017 xx ||||| 00| ||ger c
035 |a (DE-627)1906196648 
035 |a (DE-599)KXP1906196648 
040 |a DE-627  |b ger  |c DE-627  |e rda 
041 |a ger 
084 |a 1  |2 ssgn 
100 1 |e VerfasserIn  |0 (DE-588)130455016  |0 (DE-627)501846700  |0 (DE-576)163532532  |4 aut  |a Werner, Gunda  |d 1971- 
109 |a Werner, Gunda 1971-  |a Werner-Burggraf, Gunda 1971-  |a Burggraf, Gunda Werner 1971- 
245 1 0 |a "Wir glauben an die Auferstehung der Toten"  |b welche Bedeutung hat dieser Glaubensinhalt? 
264 1 |c 2017 
336 |a Text  |b txt  |2 rdacontent 
337 |a ohne Hilfsmittel zu benutzen  |b n  |2 rdamedia 
338 |a Band  |b nc  |2 rdacarrier 
540 |q DE-Tue135  |a Urheberrechtsschutz 1.0  |2 rs  |u http://rightsstatements.org/vocab/InC/1.0/ 
601 |a Auferstehung 
601 |a Glaubensinhalt 
773 0 8 |i Enthalten in  |t Geist.voll  |d Wien : Erzdiözese Wien, 2005  |g (2017), 1, Seite 4-8  |w (DE-627)517097656  |w (DE-600)2249073-5  |w (DE-576)474158047  |7 nnas 
773 1 8 |g year:2017  |g number:1  |g pages:4-8 
776 1 |o 10.15496/publikation-114899 
856 4 1 |u http://hdl.handle.net/10900/173574  |x Resolving-System  |x Digitalisierung  |z kostenfrei  |3 Volltext  |7 0 
856 4 1 |u http://dx.doi.org/10.15496/publikation-114899  |x Resolving-System  |x Digitalisierung  |z kostenfrei  |3 Volltext  |7 0 
951 |a AR 
ELC |b 1 
LOK |0 000 xxxxxcx a22 zn 4500 
LOK |0 001 4599110965 
LOK |0 003 DE-627 
LOK |0 004 1906196648 
LOK |0 005 20241018112735 
LOK |0 008 241018||||||||||||||||ger||||||| 
LOK |0 040   |a DE-Tue135  |c DE-627  |d DE-Tue135 
LOK |0 092   |o n 
LOK |0 852   |a DE-Tue135 
LOK |0 852 1  |9 00 
LOK |0 866   |x #077 
LOK |0 866   |x Erfassung nach Autorenmeldung 
LOK |0 935   |a ixzs  |a ixzw 
LOK |0 939   |a 18-10-24  |b l01 
OAS |a 1 
ORI |a TA-MARC-ixtheoa001.raw